000 01144nam a2200301 c 4500
003 BLK
005 20180420214848.0
008 180412b bul|||||r ||||||| ||bul||
010 _aKNG00015217000
040 _aBLK
041 _aBUL
_cBUL
080 _aФондации
_b061.27
_x.000.34(497.2)
_z061.27.000.34(497.2)
100 1 _aБешков, Панчо Георгиев
_eпърви автор
_9258476
139 _aБешков, Панчо Георгиев
_bБ 43
245 1 0 _aФондацията по българското гражданско право
_cПанчо Георгиев Бешков.
257 _aBGR
260 София
_bФенея
_c1996
300 _a128 с.
_c20 см
380 _a0
500 _aСъдържа и Правни източници ; Съдебна практика ; Образци за регистрация.
650 4 _aФондации - България - правни въпроси
_9258478
653 _aправо
852 _aЦб 191029
856 4 _qpdf
_u
856 4 _qpdf
_u
942 _cKNG
_n0
944 _aCR
_c15.01.2003
_kНаталия_Медовщикова
944 _aED
_c09.08.2012
_k
999 _c13559
_d13559